[Event "Madrid-chT 2122"]
[Site "Madrid"]
[Date "2022.02.26"]
[Round "11.5"]
[White "Balbuena Fuentes, Mario"]
[Black "Alonso Garcia, Aaron"]
[Result "1-0"]
[WhiteElo "2267"]
[BlackElo "2373"]
[PlyCount "107"]
[EventDate "2021.11.27"]
[EventType "team-tourn"]
[EventRounds "14"]
[EventCountry "ESP"]
[SourceTitle "Ajedrez en Madrid"]
[Source "lmi"]
[SourceDate "2021.11.28"]
[SourceVersion "1"]
[SourceVersionDate "2022.03.28"]
[SourceQuality "1"]
[WhiteTeam "Blanco y Negro"]
[BlackTeam "Collado Villalba"]
[WhiteTeamCountry "ESP"]
[BlackTeamCountry "ESP"]

1. Nf3 c5 2. b3 d6 3. d4 cxd4 4. Nxd4 Nf6 5. Bb2 e5 6. Nf3 Nc6 7. e3 Bf5 8. Be2
Nb4 9. Na3 Rc8 10. c3 Nc6 11. c4 a6 12. O-O Be7 13. Rc1 O-O 14. c5 dxc5 15.
Nxe5 Nb4 16. Ra1 b5 17. f3 Bd6 18. e4 Qc7 19. f4 Bxe4 20. Bf3 Rfd8 21. Qe2 Bxf3
22. Rxf3 Bf8 23. Nc2 Nxc2 24. Qxc2 Rd5 25. Qf5 Rcd8 26. h3 Qc8 27. Qg5 Rd2 28.
Rb1 c4 29. bxc4 Qc5+ 30. Kh2 Rd1 31. Rf1 h6 32. Qf5 Rxf1 33. Rxf1 bxc4 34. Qc2
Nd5 35. Qxc4 Qxc4 36. Nxc4 Rc8 37. Ne5 Rc2 38. Bd4 Rxa2 39. Kg3 Bd6 40. Kf3 f6
41. Nc4 Bc7 42. g3 Rc2 43. Ne3 Nxe3 44. Kxe3 h5 45. Ke4 a5 46. g4 h4 47. g5
Re2+ 48. Kf5 fxg5 49. fxg5 Kh7 50. g6+ Kh6 51. Rc1 Re7 52. Rc4 Kh5 53. Rc5 Bb6
54. Rc8 1-0

[Event "Madrid-chT 2122"]
[Site "Madrid"]
[Date "2022.02.26"]
[Round "11.6"]
[White "Suarez Uriel, Adrian"]
[Black "Armenteros Peral, Javier"]
[Result "1-0"]
[WhiteElo "2359"]
[BlackElo "1992"]
[PlyCount "75"]
[EventDate "2021.11.27"]
[EventType "team-tourn"]
[EventRounds "14"]
[EventCountry "ESP"]
[SourceTitle "Ajedrez en Madrid"]
[Source "lmi"]
[SourceDate "2021.11.28"]
[SourceVersion "1"]
[SourceVersionDate "2022.03.28"]
[SourceQuality "1"]
[WhiteTeam "Collado Villalba"]
[BlackTeam "Blanco y Negro"]
[WhiteTeamCountry "ESP"]
[BlackTeamCountry "ESP"]

1. e4 e5 2. Nf3 Nf6 3. Nxe5 d6 4. Nf3 Nxe4 5. Nc3 Nxc3 6. dxc3 Be7 7. Be3 Nd7
8. Qd2 O-O 9. O-O-O c6 10. c4 Ne5 11. Qc3 Qc7 12. Kb1 Bf6 13. Bg5 Ng4 14. Bxf6
Nxf6 15. Rd4 Rd8 16. Bd3 d5 17. Rd1 Be6 18. Ng5 Bg4 19. f3 Bh5 20. cxd5 c5 21.
g4 Bg6 22. Bxg6 hxg6 23. d6 Qc6 24. R4d2 Rd7 25. Qc4 b5 26. Qf4 c4 27. c3 b4
28. cxb4 a5 29. Rc1 Rc8 30. Rdc2 Qd5 31. Rd2 Qb5 32. Rd4 c3 33. Rxc3 Rxc3 34.
bxc3 axb4 35. cxb4 Nd5 36. Qc1 Nb6 37. h4 Qe5 38. Re4 1-0

[Event "Madrid-chT 2122"]
[Site "Madrid"]
[Date "2022.02.27"]
[Round "11.1"]
[White "Arriaga Lugo, Ricardo"]
[Black "Reyes Larena, Juan"]
[Result "0-1"]
[WhiteElo "2191"]
[BlackElo "2443"]
[PlyCount "80"]
[EventDate "2021.11.27"]
[EventType "team-tourn"]
[EventRounds "14"]
[EventCountry "ESP"]
[SourceTitle "Ajedrez en Madrid"]
[Source "lmi"]
[SourceDate "2021.11.28"]
[SourceVersion "1"]
[SourceVersionDate "2022.03.28"]
[SourceQuality "1"]
[WhiteTeam "La Didactica"]
[BlackTeam "San Sebastian de los Reyes"]
[WhiteTeamCountry "ESP"]
[BlackTeamCountry "ESP"]

1. d4 Nf6 2. Bf4 g6 3. Nf3 Bg7 4. Nbd2 d6 5. e4 O-O 6. Bd3 Nc6 7. d5 Nh5 8. Bg3
Nb4 9. Be2 a5 10. c3 Na6 11. Nd4 Nxg3 12. hxg3 e6 13. O-O exd5 14. exd5 Re8 15.
N2f3 Nc5 16. Re1 a4 17. Qc2 Bd7 18. Bf1 Bf6 19. Rxe8+ Qxe8 20. Re1 Qd8 21. b4
axb3 22. axb3 Kg7 23. b4 Ba4 24. Qd2 Nd7 25. Nh2 Kg8 26. f4 Bg7 27. Nhf3 Nf6
28. c4 Bd7 29. Ng5 c6 30. dxc6 bxc6 31. Ndf3 Bf5 32. c5 Nd5 33. Ne4 dxc5 34.
bxc5 Qf8 35. Qf2 Bxe4 36. Rxe4 Nf6 37. Re1 Ng4 38. Qc2 Ra3 39. Ne5 Bxe5 40.
fxe5 Qh6 0-1

[Event "Madrid-chT 2122"]
[Site "Madrid"]
[Date "2022.02.27"]
[Round "11.2"]
[White "Alfaya Marcelo, Roberto"]
[Black "De la Puerta Cresis, Javier"]
[Result "1/2-1/2"]
[WhiteElo "2233"]
[BlackElo "2137"]
[PlyCount "92"]
[EventDate "2021.11.27"]
[EventType "team-tourn"]
[EventRounds "14"]
[EventCountry "ESP"]
[SourceTitle "Ajedrez en Madrid"]
[Source "lmi"]
[SourceDate "2021.11.28"]
[SourceVersion "1"]
[SourceVersionDate "2022.03.28"]
[SourceQuality "1"]
[WhiteTeam "San Sebastian de los Reyes"]
[BlackTeam "La Didactica"]
[WhiteTeamCountry "ESP"]
[BlackTeamCountry "ESP"]

1. c4 Nf6 2. Nc3 c5 3. g3 d5 4. cxd5 Nxd5 5. Bg2 Nc7 6. Nf3 Nc6 7. O-O e5 8. d3
Be7 9. Nd2 Bd7 10. Nc4 f6 11. f4 exf4 12. Bxf4 O-O 13. a4 Ne6 14. Nd5 Nxf4 15.
Rxf4 Be6 16. Nxe7+ Qxe7 17. Bxc6 bxc6 18. Qc2 Rab8 19. Rc1 Rb4 20. Na5 Rxf4 21.
gxf4 Qd6 22. e3 Rd8 23. f5 Bxf5 24. Qxc5 Qxc5 25. Rxc5 Bxd3 26. Nxc6 Rd7 27. b4
Be4 28. Nd4 Kf7 29. h4 Ke7 30. Kf2 Rb7 31. b5 Kd6 32. Rc8 Rc7 33. Rd8+ Rd7 34.
Re8 Re7 35. Rg8 Kc5 36. a5 Kb4 37. a6 Kc5 38. h5 Bd5 39. Rc8+ Kb6 40. Rd8 Kc5
41. h6 gxh6 42. Rc8+ Kb6 43. Rf8 Rf7 44. Rd8 Kc5 45. Rc8+ Kb6 46. Rd8 Kc5
1/2-1/2

[Event "Madrid-chT 2122"]
[Site "Madrid"]
[Date "2022.02.27"]
[Round "11.3"]
[White "Barraza Caracuel, Ignacio"]
[Black "Martinez Fernandez, Raul"]
[Result "0-1"]
[WhiteElo "2103"]
[BlackElo "2229"]
[PlyCount "114"]
[EventDate "2021.11.27"]
[EventType "team-tourn"]
[EventRounds "14"]
[EventCountry "ESP"]
[SourceTitle "Ajedrez en Madrid"]
[Source "lmi"]
[SourceDate "2021.11.28"]
[SourceVersion "1"]
[SourceVersionDate "2022.03.28"]
[SourceQuality "1"]
[WhiteTeam "La Didactica"]
[BlackTeam "San Sebastian de los Reyes"]
[WhiteTeamCountry "ESP"]
[BlackTeamCountry "ESP"]

1. Nf3 d5 2. g3 Bg4 3. Ne5 Bf5 4. d4 f6 5. Nd3 Nc6 6. c3 e5 7. Be3 e4 8. Nc5 b6
9. Nb3 h5 10. h3 Qd7 11. a4 a5 12. Na3 Be6 13. Nb5 Nge7 14. Bf4 Rc8 15. Bg2 Nf5
16. h4 e3 17. fxe3 g5 18. hxg5 fxg5 19. Bxg5 Nxg3 20. Kd2 Nxh1 21. Qxh1 Ne7 22.
Bf4 Nf5 23. Qh2 Nd6 24. Nxd6+ Bxd6 25. Bf3 h4 26. Nc1 Bxf4 27. Qxf4 Qf7 28. Qe5
Kd7 29. Nd3 Qf5 30. Bxd5 Qxe5 31. Nxe5+ Kd6 32. Bf3 h3 33. Ke1 Rcg8 34. Kf2 Rg7
35. c4 c5 36. b3 Rh4 37. Rd1 h2 38. Nc6 Rf7 39. Rh1 Bf5 40. Ne5 Rg7 41. Nd3
cxd4 42. exd4 Bxd3 43. exd3 Rg1 44. Rxg1 hxg1=Q+ 45. Kxg1 Rxd4 46. Be4 Kc5 47.
Kf2 Kb4 48. Ke3 Kc3 49. Bf5 Rd8 50. Bg6 Kxb3 51. Bf7 Kc3 52. Bd5 Re8+ 53. Be4
Re7 54. Kf4 Kd4 55. Kf5 Re5+ 56. Kf4 Rh5 57. Kg4 Rh2 0-1

[Event "Madrid-chT 2122"]
[Site "Madrid"]
[Date "2022.02.27"]
[Round "11.5"]
[White "Baldus Martin, Juan"]
[Black "Hernandez Ramos, David"]
[Result "0-1"]
[WhiteElo "1998"]
[BlackElo "2110"]
[PlyCount "74"]
[EventDate "2021.11.27"]
[EventType "team-tourn"]
[EventRounds "14"]
[EventCountry "ESP"]
[SourceTitle "Ajedrez en Madrid"]
[Source "lmi"]
[SourceDate "2021.11.28"]
[SourceVersion "1"]
[SourceVersionDate "2022.03.28"]
[SourceQuality "1"]
[WhiteTeam "La Didactica"]
[BlackTeam "San Sebastian de los Reyes"]
[WhiteTeamCountry "ESP"]
[BlackTeamCountry "ESP"]

1. d4 Nf6 2. c4 e6 3. Nf3 b6 4. e3 Bb7 5. Be2 d5 6. O-O c5 7. Nc3 Nc6 8. dxc5
bxc5 9. Re1 Be7 10. b3 d4 11. exd4 cxd4 12. Nb5 e5 13. Bd3 a6 14. Na3 Qc7 15.
Nc2 Nd7 16. Ng5 h6 17. Ne4 g6 18. Rb1 f5 19. Ng3 Nb4 20. Nxb4 Bxb4 21. Bd2 Bd6
22. b4 e4 23. c5 Be5 24. Bc2 Kf8 25. Ba4 Bd5 26. Qc1 Kg7 27. Bb3 Bxb3 28. Rxb3
Rab8 29. Qc4 Qc6 30. Ne2 Qf6 31. a4 Rhe8 32. Bf4 d3 33. Qd5 Red8 34. c6 dxe2
35. Bxe5 Qxe5 36. Qxe5+ Nxe5 37. f4 Nxc6 0-1

[Event "Madrid-chT 2122"]
[Site "Madrid"]
[Date "2022.02.27"]
[Round "11.6"]
[White "Calvo Gutierrez, Hector"]
[Black "Bohigues Fernandez, Juan"]
[Result "1-0"]
[WhiteElo "1822"]
[BlackElo "1552"]
[PlyCount "61"]
[EventDate "2021.11.27"]
[EventType "team-tourn"]
[EventRounds "14"]
[EventCountry "ESP"]
[SourceTitle "Ajedrez en Madrid"]
[Source "lmi"]
[SourceDate "2021.11.28"]
[SourceVersion "1"]
[SourceVersionDate "2022.03.28"]
[SourceQuality "1"]
[WhiteTeam "San Sebastian de los Reyes"]
[BlackTeam "La Didactica"]
[WhiteTeamCountry "ESP"]
[BlackTeamCountry "ESP"]

1. d4 Nf6 2. c4 d5 3. Nc3 e6 4. cxd5 exd5 5. Bg5 Be7 6. e3 c6 7. Bd3 Bg4 8.
Nge2 Nbd7 9. Qc2 O-O 10. O-O Bd6 11. Bxh7+ Kh8 12. Bd3 Qc7 13. h3 Bxe2 14. Qxe2
g6 15. Rfc1 Qd8 16. Rab1 Kg7 17. b4 a6 18. a4 Rh8 19. Qf3 Qe7 20. b5 Rh5 21.
Bxf6+ Nxf6 22. bxc6 bxc6 23. Rb6 Qd7 24. Ne2 Rah8 25. Rcxc6 Ne4 26. Bxe4 dxe4
27. Qxe4 Rxh3 28. gxh3 Bh2+ 29. Kxh2 Qxh3+ 30. Kg1 Rh4 31. Rxg6+ 1-0

[Event "Madrid-chT 2122"]
[Site "Madrid"]
[Date "2022.02.26"]
[Round "11.1"]
[White "Moreno Trujillo, Alejandro"]
[Black "Ingunza Curro, Andres"]
[Result "1-0"]
[WhiteElo "2492"]
[BlackElo "2381"]
[PlyCount "87"]
[EventDate "2021.11.27"]
[EventType "team-tourn"]
[EventRounds "14"]
[EventCountry "ESP"]
[SourceTitle "Ajedrez en Madrid"]
[Source "lmi"]
[SourceDate "2021.11.28"]
[SourceVersion "1"]
[SourceVersionDate "2022.03.28"]
[SourceQuality "1"]
[WhiteTeam "Villalba 64"]
[BlackTeam "Tajamar"]
[WhiteTeamCountry "ESP"]
[BlackTeamCountry "ESP"]

1. d4 Nf6 2. c4 e6 3. Nc3 d5 4. cxd5 exd5 5. Bg5 Be7 6. e3 c6 7. Bd3 Nbd7 8.
Nge2 Nh5 9. Bxe7 Qxe7 10. g4 Nhf6 11. g5 Nh5 12. h4 g6 13. Qc2 Nb6 14. O-O-O
Bd7 15. Kb1 O-O-O 16. a4 Qb4 17. Nc1 Kb8 18. N1a2 Qd6 19. Ka1 Ng7 20. a5 Nc4
21. Bxc4 dxc4 22. Qa4 Be6 23. Ne4 Qc7 24. Nc5 Nf5 25. Nc3 Bc8 26. b3 b6 27.
axb6 axb6 28. bxc4 bxc5 29. Rb1+ Bb7 30. Ne4 Nd6 31. Nxc5 Kc8 32. e4 Qb8 33. e5
Qa8 34. Qxa8+ Bxa8 35. exd6 Rxd6 36. Nb3 Bb7 37. Kb2 Re8 38. Kc3 Kc7 39. Nc5
Bc8 40. Rhe1 Rdd8 41. f4 Bf5 42. Rb7+ Kd6 43. Re5 Bc8 44. Ne4# 1-0

[Event "Madrid-chT 2122"]
[Site "Madrid"]
[Date "2022.02.26"]
[Round "11.2"]
[White "Elissalt Cardenas, Hector"]
[Black "Khamrakulov, Ibragim S"]
[Result "1/2-1/2"]
[WhiteElo "2290"]
[BlackElo "2423"]
[PlyCount "24"]
[EventDate "2021.11.27"]
[EventType "team-tourn"]
[EventRounds "14"]
[EventCountry "ESP"]
[SourceTitle "Ajedrez en Madrid"]
[Source "lmi"]
[SourceDate "2021.11.28"]
[SourceVersion "1"]
[SourceVersionDate "2022.03.28"]
[SourceQuality "1"]
[WhiteTeam "Tajamar"]
[BlackTeam "Villalba 64"]
[WhiteTeamCountry "ESP"]
[BlackTeamCountry "ESP"]

1. d4 Nf6 2. c4 e6 3. Nc3 Bb4 4. Qc2 c5 5. dxc5 Qa5 6. Bd2 Na6 7. a3 Nxc5 8.
Rc1 Bxc3 9. Bxc3 Qa4 10. f3 Qxc2 11. Rxc2 Ke7 12. Nh3 d6 1/2-1/2

[Event "Madrid-chT 2122"]
[Site "Madrid"]
[Date "2022.02.26"]
[Round "11.3"]
[White "Montoliu Cervero, Francisco"]
[Black "Mkrtchyan, Levon"]
[Result "0-1"]
[WhiteElo "2424"]
[BlackElo "2280"]
[PlyCount "78"]
[EventDate "2021.11.27"]
[EventType "team-tourn"]
[EventRounds "14"]
[EventCountry "ESP"]
[SourceTitle "Ajedrez en Madrid"]
[Source "lmi"]
[SourceDate "2021.11.28"]
[SourceVersion "1"]
[SourceVersionDate "2022.03.28"]
[SourceQuality "1"]
[WhiteTeam "Villalba 64"]
[BlackTeam "Tajamar"]
[WhiteTeamCountry "ESP"]
[BlackTeamCountry "ESP"]

1. e4 e6 2. d4 d5 3. e5 c5 4. c3 Nc6 5. Nf3 Nge7 6. Na3 Nf5 7. Nc2 Be7 8. Bd3
c4 9. Bxf5 exf5 10. h4 g6 11. Bh6 Be6 12. Qd2 Qa5 13. Bg7 Rg8 14. Qh6 Kd7 15.
Ng5 Bxg5 16. hxg5 b5 17. a3 Qa4 18. Ne3 f4 19. Nd1 Qc2 20. Bf6 Na5 21. O-O Nb3
22. Ra2 Qb1 23. Qh4 Nc1 24. g3 Qxa2 25. gxf4 Qb1 26. Ne3 Ne2+ 27. Kh2 Qe4 28.
Ng2 Qf3 29. Re1 a5 30. f5 gxf5 31. Rf1 h6 32. Qxh6 Nf4 33. Ne1 Qh5+ 34. Qxh5
Nxh5 35. f4 b4 36. axb4 axb4 37. Ng2 Ra2 38. cxb4 Rxb2 39. Kh3 Ra8 0-1

[Event "Madrid-chT 2122"]
[Site "Madrid"]
[Date "2022.02.26"]
[Round "11.4"]
[White "Rodriguez Lopez, David"]
[Black "Sanchez Gonzalez, Sergio"]
[Result "1-0"]
[WhiteElo "2145"]
[BlackElo "2302"]
[PlyCount "75"]
[EventDate "2021.11.27"]
[EventType "team-tourn"]
[EventRounds "14"]
[EventCountry "ESP"]
[SourceTitle "Ajedrez en Madrid"]
[Source "lmi"]
[SourceDate "2021.11.28"]
[SourceVersion "1"]
[SourceVersionDate "2022.03.28"]
[SourceQuality "1"]
[WhiteTeam "Tajamar"]
[BlackTeam "Villalba 64"]
[WhiteTeamCountry "ESP"]
[BlackTeamCountry "ESP"]

1. e4 c5 2. c3 Nf6 3. e5 Nd5 4. d4 cxd4 5. Nf3 Nc6 6. cxd4 d6 7. Bc4 dxe5 8.
dxe5 Be6 9. O-O g6 10. Qb3 Qd7 11. Rd1 Na5 12. Bb5 Nxb3 13. Bxd7+ Bxd7 14. axb3
Bc6 15. Nd4 Bg7 16. Nxc6 bxc6 17. f4 g5 18. g3 gxf4 19. gxf4 O-O 20. Nc3 e6 21.
Ra6 Nb4 22. Ra4 Rfb8 23. Rd7 Bf8 24. Ne4 a5 25. Nf6+ Kg7 26. f5 exf5 27. Nh5+
Kh8 28. Rxf7 Bc5+ 29. Kf1 Rg8 30. Ng3 Rgf8 31. Rxf8+ Rxf8 32. Bh6 Ra8 33. Nxf5
Bb6 34. e6 Kg8 35. e7 Kf7 36. Bf8 Nd5 37. Nd6+ Ke6 38. Re4+ 1-0

[Event "Madrid-chT 2122"]
[Site "Madrid"]
[Date "2022.02.26"]
[Round "11.5"]
[White "Lopez del Alamo, Antonio"]
[Black "Sahuquillo Cruz, Alejandro"]
[Result "1/2-1/2"]
[WhiteElo "2249"]
[BlackElo "2014"]
[PlyCount "132"]
[EventDate "2021.11.27"]
[EventType "team-tourn"]
[EventRounds "14"]
[EventCountry "ESP"]
[SourceTitle "Ajedrez en Madrid"]
[Source "lmi"]
[SourceDate "2021.11.28"]
[SourceVersion "1"]
[SourceVersionDate "2022.03.28"]
[SourceQuality "1"]
[WhiteTeam "Villalba 64"]
[BlackTeam "Tajamar"]
[WhiteTeamCountry "ESP"]
[BlackTeamCountry "ESP"]

1. e4 c5 2. Nf3 Nc6 3. Nc3 d6 4. d4 cxd4 5. Nxd4 e5 6. Nde2 Be7 7. g3 Nf6 8.
Bg2 Be6 9. O-O O-O 10. b3 Rc8 11. Bb2 Qa5 12. Qd2 Rfd8 13. Rfd1 Qb6 14. h3 a6
15. g4 h6 16. Nd5 Bxd5 17. exd5 Nb8 18. c4 Nbd7 19. Ng3 Nh7 20. Qe2 Nhf8 21.
Nf5 Bf6 22. Bc1 Ng6 23. Be3 Qa5 24. Rab1 Nf4 25. Qc2 g6 26. Ng3 Be7 27. b4 Qc7
28. Rbc1 b6 29. Qb3 Nf6 30. Bxf4 exf4 31. Ne2 Nd7 32. Nxf4 Bg5 33. Qg3 Ne5 34.
h4 Bf6 35. g5 hxg5 36. hxg5 Bg7 37. Bf1 Qe7 38. Ng2 Qxg5 39. Qxg5 Nf3+ 40. Kh1
Nxg5 41. c5 dxc5 42. bxc5 Ne4 43. Kg1 Rxc5 44. Ne3 Rxc1 45. Rxc1 Bh6 46. Bc4 b5
47. Bb3 Nd2 48. Rd1 Nxb3 49. axb3 Bxe3 50. fxe3 f5 51. e4 fxe4 52. Kf2 Kf7 53.
Ke3 Re8 54. Rf1+ Ke7 55. Kxe4 Rh8 56. Kd4 Rf8 57. Re1+ Kd7 58. Re6 Rf3 59. Rxa6
Rxb3 60. Rxg6 Rb1 61. Kc5 Rc1+ 62. Kxb5 Rc2 63. Rh6 Rc1 64. Kb6 Rc2 65. Rc6
Rb2+ 66. Kc5 Rc2+ 1/2-1/2

[Event "Madrid-chT 2122"]
[Site "Madrid"]
[Date "2022.02.26"]
[Round "11.6"]
[White "Martinez Aragon, Aitor"]
[Black "Perdomo Araujo, Angel Eduardo"]
[Result "1/2-1/2"]
[WhiteElo "1944"]
[BlackElo "2074"]
[PlyCount "34"]
[EventDate "2021.11.27"]
[EventType "team-tourn"]
[EventRounds "14"]
[EventCountry "ESP"]
[SourceTitle "Ajedrez en Madrid"]
[Source "lmi"]
[SourceDate "2021.11.28"]
[SourceVersion "1"]
[SourceVersionDate "2022.03.28"]
[SourceQuality "1"]
[WhiteTeam "Tajamar"]
[BlackTeam "Villalba 64"]
[WhiteTeamCountry "ESP"]
[BlackTeamCountry "ESP"]

1. e4 d5 2. exd5 Qxd5 3. Nc3 Qd6 4. d4 Nf6 5. Nf3 c6 6. Ne5 Nbd7 7. Bf4 Nxe5 8.
Bxe5 Qb4 9. a3 Qa5 10. Qd2 Be6 11. Bd3 g6 12. Ne4 Qxd2+ 13. Nxd2 Bg7 14. O-O
O-O 15. Rfe1 Rad8 16. Nc4 Rfe8 17. Ne3 Ng4 1/2-1/2

[Event "Madrid-chT 2122"]
[Site "Madrid"]
[Date "2022.03.06"]
[Round "12.1"]
[White "Reyes Larena, Juan"]
[Black "Khamrakulov, Ibragim S"]
[Result "1/2-1/2"]
[WhiteElo "2437"]
[BlackElo "2423"]
[PlyCount "23"]
[EventDate "2021.11.27"]
[EventType "team-tourn"]
[EventRounds "14"]
[EventCountry "ESP"]
[SourceTitle "Ajedrez en Madrid"]
[Source "lmi"]
[SourceDate "2021.11.28"]
[SourceVersion "1"]
[SourceVersionDate "2022.03.28"]
[SourceQuality "1"]
[WhiteTeam "San Sebastian de los Reyes"]
[BlackTeam "Villalba 64"]
[WhiteTeamCountry "ESP"]
[BlackTeamCountry "ESP"]

1. e4 c5 2. Nf3 e6 3. d3 Nc6 4. g3 Nge7 5. Bg2 g6 6. c3 Bg7 7. O-O e5 8. a3 a5
9. a4 d5 10. Na3 O-O 11. exd5 Nxd5 12. Re1 1/2-1/2

[Event "Madrid-chT 2122"]
[Site "Madrid"]
[Date "2022.03.06"]
[Round "12.2"]
[White "Valles Moreno, Ivan"]
[Black "Alfaya Marcelo, Roberto"]
[Result "1-0"]
[WhiteElo "2389"]
[BlackElo "2236"]
[PlyCount "75"]
[EventDate "2021.11.27"]
[EventType "team-tourn"]
[EventRounds "14"]
[EventCountry "ESP"]
[SourceTitle "Ajedrez en Madrid"]
[Source "lmi"]
[SourceDate "2021.11.28"]
[SourceVersion "1"]
[SourceVersionDate "2022.03.28"]
[SourceQuality "1"]
[WhiteTeam "Villalba 64"]
[BlackTeam "San Sebastian de los Reyes"]
[WhiteTeamCountry "ESP"]
[BlackTeamCountry "ESP"]

1. Nf3 d5 2. g3 Bg4 3. Bg2 Nd7 4. O-O e5 5. d3 Ngf6 6. Nbd2 Bd6 7. e4 dxe4 8.
dxe4 Qe7 9. h3 Bh5 10. Qe1 Bxf3 11. Nxf3 O-O-O 12. Bd2 Nc5 13. Nh4 Ne6 14. b4
Qd7 15. Nf3 Rhe8 16. c3 Qa4 17. Qb1 a5 18. a3 Qc6 19. Re1 a4 20. Qc2 b5 21.
Rac1 Nd7 22. Be3 Nb6 23. Nd2 Bf8 24. Bf1 Kb7 25. Qa2 Rd7 26. c4 Nd4 27. Bxd4
Rxd4 28. cxb5 Qf6 29. Rc6 Bd6 30. Qc2 h5 31. Rxb6+ Kxb6 32. Qc6+ Ka7 33. b6+
cxb6 34. Qd7+ Bc7 35. Qxc7+ Ka8 36. Bb5 Re6 37. Rc1 Rd8 38. Bc6+ 1-0

[Event "Madrid-chT 2122"]
[Site "Madrid"]
[Date "2022.03.06"]
[Round "12.3"]
[White "Martinez Fernandez, Raul"]
[Black "Sanchez Gonzalez, Sergio"]
[Result "0-1"]
[WhiteElo "2230"]
[BlackElo "2302"]
[PlyCount "76"]
[EventDate "2021.11.27"]
[EventType "team-tourn"]
[EventRounds "14"]
[EventCountry "ESP"]
[SourceTitle "Ajedrez en Madrid"]
[Source "lmi"]
[SourceDate "2021.11.28"]
[SourceVersion "1"]
[SourceVersionDate "2022.03.28"]
[SourceQuality "1"]
[WhiteTeam "San Sebastian de los Reyes"]
[BlackTeam "Villalba 64"]
[WhiteTeamCountry "ESP"]
[BlackTeamCountry "ESP"]

1. e4 c5 2. d4 cxd4 3. c3 Nf6 4. e5 Nd5 5. Nf3 d6 6. Qxd4 e6 7. exd6 Qxd6 8.
Bb5+ Bd7 9. Bxd7+ Nxd7 10. O-O Qb6 11. Nbd2 Qxd4 12. Nxd4 a6 13. Ne4 Nc5 14.
Nxc5 Bxc5 15. Nf3 O-O 16. c4 Nb4 17. Bd2 Nd3 18. Bc3 Rfd8 19. Ne5 Nxe5 20. Bxe5
Bd4 21. Bxd4 Rxd4 22. Rfc1 Rd2 23. Rab1 Rad8 24. Kf1 Kf8 25. a4 Ke7 26. a5 Kd6
27. b4 Kc7 28. Rc3 R8d3 29. Rbb3 Rd1+ 30. Ke2 R3d2+ 31. Ke3 Ra2 32. c5 Re1+ 33.
Kd4 Rxf2 34. b5 axb5 35. Rxb5 Rd2+ 36. Kc4 Re4+ 37. Kb3 Ree2 38. Kc4 Rc2 0-1

[Event "Madrid-chT 2122"]
[Site "Madrid"]
[Date "2022.03.06"]
[Round "12.4"]
[White "Garcia Luengo, Leandro"]
[Black "Hernandez Ramos, David"]
[Result "1/2-1/2"]
[WhiteElo "2278"]
[BlackElo "2105"]
[PlyCount "28"]
[EventDate "2021.11.27"]
[EventType "team-tourn"]
[EventRounds "14"]
[EventCountry "ESP"]
[SourceTitle "Ajedrez en Madrid"]
[Source "lmi"]
[SourceDate "2021.11.28"]
[SourceVersion "1"]
[SourceVersionDate "2022.03.28"]
[SourceQuality "1"]
[WhiteTeam "Villalba 64"]
[BlackTeam "San Sebastian de los Reyes"]
[WhiteTeamCountry "ESP"]
[BlackTeamCountry "ESP"]

1. f4 d5 2. Nf3 Nf6 3. g3 e6 4. Bg2 c5 5. d3 Nc6 6. O-O b5 7. Qe1 Bb7 8. c3 Qb6
9. Kh1 Be7 10. a4 b4 11. Nbd2 Ba6 12. Ne5 Rd8 13. Nxc6 Qxc6 14. Nf3 Nd7 1/2-1/2

[Event "Madrid-chT 2122"]
[Site "Madrid"]
[Date "2022.03.06"]
[Round "12.5"]
[White "Arroyo Martinez, Fernando"]
[Black "Lopez del Alamo, Antonio"]
[Result "1/2-1/2"]
[WhiteElo "1864"]
[BlackElo "2249"]
[PlyCount "66"]
[EventDate "2021.11.27"]
[EventType "team-tourn"]
[EventRounds "14"]
[EventCountry "ESP"]
[SourceTitle "Ajedrez en Madrid"]
[Source "lmi"]
[SourceDate "2021.11.28"]
[SourceVersion "1"]
[SourceVersionDate "2022.03.28"]
[SourceQuality "1"]
[WhiteTeam "San Sebastian de los Reyes"]
[BlackTeam "Villalba 64"]
[WhiteTeamCountry "ESP"]
[BlackTeamCountry "ESP"]

1. e4 c5 2. c3 d5 3. exd5 Qxd5 4. d4 Nf6 5. Nf3 Nc6 6. Be2 e6 7. O-O Be7 8. Be3
cxd4 9. cxd4 O-O 10. Nc3 Qd6 11. Nb5 Qb8 12. Rc1 Rd8 13. Qc2 a6 14. Nc3 Nb4 15.
Qb3 b5 16. Ne5 Bb7 17. a3 Nbd5 18. Bf3 Bd6 19. Nxd5 Nxd5 20. Nc6 Bxc6 21. Rxc6
Bxh2+ 22. Kh1 Nxe3 23. Qxe3 Bf4 24. Qe4 Ra7 25. g3 Bg5 26. Qc2 Rad7 27. Rd1 Qa7
28. d5 exd5 29. Qf5 Be7 30. Rxd5 g6 31. Rxd7 Qxd7 32. Qxd7 Rxd7 33. Rxa6 b4
1/2-1/2

[Event "Madrid-chT 2122"]
[Site "Madrid"]
[Date "2022.03.06"]
[Round "12.6"]
[White "Gutierrez Diaz, Pablo"]
[Black "Sanchez Villodres, Mario"]
[Result "1-0"]
[WhiteElo "1916"]
[BlackElo "1345"]
[PlyCount "79"]
[EventDate "2021.11.27"]
[EventType "team-tourn"]
[EventRounds "14"]
[EventCountry "ESP"]
[SourceTitle "Ajedrez en Madrid"]
[Source "lmi"]
[SourceDate "2021.11.28"]
[SourceVersion "1"]
[SourceVersionDate "2022.03.28"]
[SourceQuality "1"]
[WhiteTeam "Villalba 64"]
[BlackTeam "San Sebastian de los Reyes"]
[WhiteTeamCountry "ESP"]
[BlackTeamCountry "ESP"]

1. e4 e6 2. d4 d5 3. Nc3 dxe4 4. Nxe4 Bd7 5. c4 Bc6 6. Nc3 Nf6 7. Nf3 Bb4 8.
Be2 O-O 9. O-O a5 10. Ne5 Qe8 11. Bf3 Bxf3 12. Qxf3 c6 13. Ne2 Nbd7 14. Be3
Nxe5 15. dxe5 Nd7 16. Qg3 Kh8 17. Rad1 f6 18. exf6 Rxf6 19. a3 Be7 20. Qc7 Nc5
21. Ng3 Rf7 22. Qe5 Nd7 23. Qxe6 Nf8 24. Qh3 Ng6 25. Rfe1 Qf8 26. Ne4 Nf4 27.
Bxf4 Rxf4 28. g3 Rf3 29. Rd7 Re8 30. Rf1 Bd8 31. Qg4 Rb3 32. Nc5 Rxb2 33. Ne6
Qg8 34. Qxg7+ Qxg7 35. Nxg7 Rg8 36. Ne6 Bb6 37. c5 Ba7 38. Rfd1 Rb3 39. Rf7 Re8
40. Rdd7 1-0